Švec pro celý svět

Gespeichert in:
Bibliographische Detailangaben
1. Verfasser: Baťa, Tomáš J.
Format: Buch
Sprache:Tschechisch
Veröffentlicht: Praha Melantrich 1991
Ausgabe:1. vyd.
Schlagworte:
Tags: Tag hinzufügen
Keine Tags, Fügen Sie das erste Tag hinzu!

MARC

LEADER 00000nam a2200000 4500
001 c001213
005 20221214095017.7
020 |a 80-7023-106-8 
041 0 |a cze 
044 |a CZ 
245 1 0 |a Švec pro celý svět  |c Tomáš J. Baťa 
250 |a 1. vyd. 
264 1 |a Praha  |b Melantrich  |c 1991 
300 |a 245 s. 
610 2 0 |a Baťa, T.J. 
610 2 0 |a životopisy 
100 1 |a Baťa, Tomáš J.